=LDR 00000nam 2200000 4500 =001 INLIS000000000001672 =005 20130612090056 =008 ***********************************Ind** =035 ##$$0010-061300000001672 =041 ##$$a Ind =082 ##$$a 372.83 =090 ##$$a 372.83, Sai-i =100 ##$$a SAIDIHARJO, H =245 ##$$a Ilmu Pengetahuan Sosial (bidang pengajaran pengetahuan sosial) untuk SD sesuai kurikulum GBPP 1994, H. Saidiharjo =260 ##$$a 1994 $b Solo =300 ##$$a ...jil, ilus, 21 cm =650 ##$$a IPS/SD =650 ##$$a Studi dan Pengajaran =850 ##$$a NBPNMAT